| 000 | 00429nam a22001697a 4500 | ||
|---|---|---|---|
| 005 | 20230803103229.0 | ||
| 008 | 230803b |||||||| |||| 00| 0 eng d | ||
| 020 | _a9780470485033 | ||
| 082 |
_a005.5 _bMCF-T |
||
| 100 | _aMcFedries,Paul | ||
| 245 | _aTeach yourself visually Office 2008 for Mac | ||
| 260 |
_aUSA _bWiley _c2009 |
||
| 300 | _a400 pages | ||
| 500 | _aInclude Index. | ||
| 650 | _aMicrosoft Office | ||
| 999 |
_c33189 _d33189 |
||